00689nam a2200241 a 4500001001300000003000900013005001700022008004100039020002500080082001600105100001900121245001800140260002700158300000900185500003500194505001000229650004000239700001900279902000800298942000700306952011700313999001700430nice12345678IN_TiNIC20260116013814.0050524s1991 dela grp 000 0 eng  a0803997 c958.300a302.22bELI aElias, Norbert aSymbol Theory aDelhibSage Pub c1991 a147p aincludes index and biblioraphy2 aIndex aSociology-Communication-Symbol theo1 aElias, Norbert bSRS cBK 001040708StackRoom-aHMIbHMId2007-08-01g958.30l0o302.22 ELIp016124r2007-08-01v958.30w2005-05-24yBK c12592d12592